| 000 | 00731nam a2200205 a 4500 | ||
|---|---|---|---|
| 001 | 000007046 | ||
| 005 | 20200929154043.0 | ||
| 008 | 090904s1999 dr ab r 000 0 spa d | ||
| 020 | _a8489953147 | ||
| 040 |
_aDO-SdBNP _bspa _cBNPHU |
||
| 082 |
_a769.567293 _bM948e |
||
| 100 | 1 |
_aMueses, Danilo A., _d1934- _919578 |
|
| 245 | 1 | 0 |
_aEmisiones postales dominicanas (1865-1965) / _cDanilo A. Mueses. |
| 260 |
_aSanto Domingo : _bBanco Central de la República Dominicana, _c1999. |
||
| 300 |
_a334 p. : _bil., map. ; _c28 cm. |
||
| 504 | _aBibliografía : p. 331-334 | ||
| 590 | _aInventariado, 2018/LP | ||
| 650 | 4 |
_aSellos postales _zRepública Dominicana _xHistoria _y1865-1965 _919579 |
|
| 910 | _aValidado. Control de calidad. MMOLINA | ||
| 999 |
_c6829 _d6829 |
||